|
|
|
|
| LEADER |
00000nas a2200000 a 4500 |
| 001 |
ssj0003568 |
| 003 |
WaSeSS |
| 005 |
20200512172242.0 |
| 006 |
m d |
| 007 |
cr n |
| 008 |
990426c19899999gw br pss 0 a0eng c |
| 010 |
|
|
|a 2008233247
|
| 016 |
7 |
|
|a 003274710
|2 IsJJNL
|
| 016 |
7 |
|
|a 013094134
|2 Uk
|
| 022 |
|
|
|a 1432-2250
|l 0935-4964
|y 0935-4964
|
| 030 |
|
|
|a TCFDEP
|
| 035 |
|
|
|a (WaSeSS)ssj0003568
|
| 040 |
|
|
|a DLM
|b eng
|c DLM
|d OCLCQ
|d MUQ
|d OCL
|d GUA
|d QCL
|d CIT
|d OCLCQ
|d UKMGB
|d OCLCQ
|d OCLCF
|d OCLCO
|d OCLCQ
|d WT2
|d OCLCQ
|d AU@
|d VT2
|d DLC
|d U3W
|d UKBOL
|d NTG
|d AUD
|d CUD
|d OCLCE
|d UAB
|d J9U
|d KQW
|d NJT
|d OCLCQ
|d WaSeSS
|
| 042 |
|
|
|a pcc
|
| 050 |
0 |
0 |
|a QA911
|
| 082 |
0 |
4 |
|a 532.05
|
| 130 |
0 |
|
|a Theoretical and computational fluid dynamics (Online)
|
| 245 |
1 |
0 |
|a Theoretical and computational fluid dynamics
|h [electronic resource].
|
| 260 |
|
|
|a Berlin :
|b Springer
|
| 310 |
|
|
|a Bimonthly,
|b 1999-
|
| 321 |
|
|
|a Four issues per year,
|b 1989-1998
|
| 362 |
1 |
|
|a Print began with vol. 1, no. 1 (1989).
|
| 506 |
|
|
|a License restrictions may limit access.
|
| 515 |
|
|
|a Some issues combined.
|
| 538 |
|
|
|a Mode of access: World Wide Web.
|
| 588 |
0 |
|
|a Vol. 9, no. 1 (Feb. 1997); title from contents screen (SpringerLink, viewed Jan. 24, 2008).
|
| 588 |
1 |
|
|a Vol. 32, issue 6 (Dec. 2018) (SpringerLink, viewed Jan. 28, 2019).
|
| 650 |
|
0 |
|a Fluid dynamics
|v Periodicals.
|
| 650 |
|
6 |
|a Fluides, Dynamique des
|v Périodiques.
|
| 650 |
|
7 |
|a Fluid dynamics.
|2 fast
|0 (OCoLC)fst00927973
|
| 653 |
|
|
|a Engineering
|
| 655 |
|
0 |
|a Electronic journals.
|
| 776 |
0 |
8 |
|i Print version:
|t Theoretical and computational fluid dynamics
|x 0935-4964
|w (DLC) 89660001
|w (OCoLC)19964607
|
| 850 |
|
|
|a DLC
|
| 856 |
4 |
0 |
|z Full text available from Research Library: 02/01/1997 to 1 year ago
|u https://search.proquest.com/publication/30636
|